Meranie efektívnosti neziskových organizácií
Zložitý problém vyjadrenia efektívnosti neziskových organizácií. Autori Renz a Herman a ich tézy efektívnosti neziskových organizácií. Vstupy a výstupy neziskovej organizácie. Metódy merania efektívnosti neziskových organizácií. Výsledky dotazníkového prieskumu.
Enregistré dans:
| Auteur principal: | |
|---|---|
| Format: | Chapitre de livre |
| Langue: | slovaque |
| Sujets: | |
| Tags: |
Pas de tags, Soyez le premier à ajouter un tag!
|
MARC
| LEADER | 00000nla a2200000 4500 | ||
|---|---|---|---|
| 001 | 0159994 | ||
| 005 | 20240502083353.2 | ||
| 041 | 0 | |a slo | |
| 044 | |a CZ | ||
| 245 | 1 | 0 | |a Meranie efektívnosti neziskových organizácií |c Helena Majdúchová |
| 520 | |a Zložitý problém vyjadrenia efektívnosti neziskových organizácií. Autori Renz a Herman a ich tézy efektívnosti neziskových organizácií. Vstupy a výstupy neziskovej organizácie. Metódy merania efektívnosti neziskových organizácií. Výsledky dotazníkového prieskumu. | ||
| 610 | 2 | 0 | |a organizácie neziskové |
| 610 | 2 | 0 | |a efektívnosť |
| 610 | 2 | 0 | |a zdroje finančné |
| 610 | 2 | 0 | |a náklady |
| 610 | 2 | 0 | |a prieskum |
| 610 | 2 | 0 | |a Slovensko |
| 100 | 1 | |a Majdúchová, Helena, 1963- | |